<?xml version="1.0" encoding="UTF-8"?>
<record
    xmlns:xsi="http://www.w3.org/2001/XMLSchema-instance"
    xsi:schemaLocation="http://www.loc.gov/MARC21/slim http://www.loc.gov/standards/marcxml/schema/MARC21slim.xsd"
    xmlns="http://www.loc.gov/MARC21/slim">

  <leader>00805    a2200193   4500</leader>
  <controlfield tag="005">20240802160823.0</controlfield>
  <datafield tag="010" ind1=" " ind2=" ">
    <subfield code="a">B-758970</subfield>
  </datafield>
  <datafield tag="020" ind1=" " ind2=" ">
    <subfield code="a">9788119206216</subfield>
    <subfield code="c">160.00</subfield>
  </datafield>
  <datafield tag="035" ind1=" " ind2=" ">
    <subfield code="a">B-758970</subfield>
  </datafield>
  <datafield tag="037" ind1=" " ind2=" ">
    <subfield code="b">&#x909;&#x92A;&#x939;&#x93E;&#x930; </subfield>
  </datafield>
  <datafield tag="082" ind1=" " ind2=" ">
    <subfield code="a">&#x909;</subfield>
  </datafield>
  <datafield tag="100" ind1=" " ind2=" ">
    <subfield code="a">&#x92E;&#x928;&#x941;, &#x92A;&#x94D;&#x930;&#x915;&#x93E;&#x936;</subfield>
    <subfield code="9">69379</subfield>
  </datafield>
  <datafield tag="245" ind1=" " ind2=" ">
    <subfield code="a">&#x938;&#x93E;&#x902;&#x924;&#x93E; &#x915;&#x94D;&#x932;&#x94B;&#x91C; &#x915;&#x93E; &#x92A;&#x93F;&#x91F;&#x93E;&#x930;&#x93E;/</subfield>
    <subfield code="c">&#x92A;&#x94D;&#x930;&#x915;&#x93E;&#x936; &#x92E;&#x928;&#x941;</subfield>
  </datafield>
  <datafield tag="260" ind1=" " ind2=" ">
    <subfield code="a">&#x926;&#x93F;&#x932;&#x94D;&#x932;&#x940;</subfield>
    <subfield code="b">&#x905;&#x926;&#x93F;&#x915; &#x92A;&#x92C;&#x94D;&#x932;&#x93F;&#x915;&#x947;&#x936;&#x928;</subfield>
    <subfield code="c">2023</subfield>
  </datafield>
  <datafield tag="270" ind1=" " ind2=" ">
    <subfield code="a">41 &#x939;&#x938;&#x928;&#x92A;&#x941;&#x930; &#x906;&#x908;.&#x92A;&#x940; &#x90F;&#x915;&#x94D;&#x938;&#x91F;&#x947;&#x902;&#x936;&#x928; &#x92A;&#x91F;&#x92A;&#x921;&#x93C;&#x917;&#x902;&#x91C;</subfield>
    <subfield code="b">&#x926;&#x93F;&#x932;&#x94D;&#x932;&#x940;</subfield>
    <subfield code="e">110092</subfield>
  </datafield>
  <datafield tag="300" ind1=" " ind2=" ">
    <subfield code="a">48 &#x92A;&#x943;&#x937;&#x94D;&#x920;.;</subfield>
    <subfield code="c">24cm. (&#x906;&#x91C;&#x93F;&#x932;&#x94D;&#x926;)</subfield>
  </datafield>
  <datafield tag="942" ind1=" " ind2=" ">
    <subfield code="a">dpl</subfield>
    <subfield code="c">CH</subfield>
    <subfield code="2">ddc</subfield>
    <subfield code="h">&#x909;</subfield>
    <subfield code="m">&#x92E;&#x928;&#x941;&#x92A;&#x94D;&#x930;</subfield>
  </datafield>
  <datafield tag="999" ind1=" " ind2=" ">
    <subfield code="c">202720</subfield>
    <subfield code="d">202720</subfield>
  </datafield>
  <datafield tag="952" ind1=" " ind2=" ">
    <subfield code="0">0</subfield>
    <subfield code="1">0</subfield>
    <subfield code="4">0</subfield>
    <subfield code="7">0</subfield>
    <subfield code="8">FIC</subfield>
    <subfield code="a">ZLS</subfield>
    <subfield code="b">ZLS</subfield>
    <subfield code="d">2024-05-07</subfield>
    <subfield code="e">&#x909;&#x92A;&#x939;&#x93E;&#x930; /29.4.24</subfield>
    <subfield code="g">160.00</subfield>
    <subfield code="l">0</subfield>
    <subfield code="o">&#x909; &#x92E;&#x928;&#x941;&#x92A;&#x94D;&#x930;</subfield>
    <subfield code="p">B-758970</subfield>
    <subfield code="r">2024-05-07 00:00:00</subfield>
    <subfield code="t">1</subfield>
    <subfield code="v">160.00</subfield>
    <subfield code="w">2024-05-07</subfield>
    <subfield code="y">CH</subfield>
    <subfield code="z">&#x909;&#x92A;&#x939;&#x93E;&#x930;</subfield>
  </datafield>
</record>
